000 00677nam a22001817a 4500
999 _c190436
_d190436
005 20220802102657.0
010 _aENG-133909
020 _a978-93-81391-02-0
_c960.00
035 _aEN-117441
037 _bDBAD/PUB
082 _a520.954
245 _aHistoricity of Vedic and Ramayan Eras:
_bScientific evidences from the depths of Oceans to the heights of skies/
_cedited by Saroj Bala and Kulbhushan Mishra
260 _aHyderabad
_bInstitute of Scientific Research on Vedas
_c2012
270 _aH.No. 11-13-279, Road No.8, Alakapuri
_bHyderabad
_e500035
300 _a266p.
_c23cm(hbk)
_bphotos
700 _aSaroj Bala
942 _2ddc
_cEN
_h520.954
_mHIS